Normal view
MARC view
Entry Personal Name
001 - CONTROL NUMBER
- control field: 4566
003 - CONTROL NUMBER IDENTIFIER
- control field: BD-RjUL
005 - DATE AND TIME OF LATEST TRANSACTION
- control field: 20220831110309.0
008 - FIXED-LENGTH DATA ELEMENTS
- fixed length control field: 220831|| aca||aabn | a|a d
040 ## - CATALOGING SOURCE
- Original cataloging agency: BD-RjUL
- Transcribing agency: BD-RjUL
100 ## - HEADING--PERSONAL NAME
- Personal name: شیرانی, اختر ## Shirani, Akhter
670 ## - SOURCE DATA FOUND
- Source citation: Work cat.: (BD-RjUL)80268: شیرانی, اختر ## Shirani, Akhter, اختر شيراني اور اس كي شاعري ## akhtar shirani awar as ki shaeiri /, 1946